00593nam a2200121Ia 4500008004100000100002100041245010000062245013800162260004700300260000900347650002200356856009300378160809s9999 xx 000 0 und d aAlazami, Saad S. aSTRESS LEVELS OF KUWAITI MOTHERS OF CHILDREN WITH SLD: DOES WORK AND EDUCATIONAL STATUS MATTER? cSaad S. Alazemi Ministry of Education, Kuwait Azar Hadadian John B. Merbler Ball State University Cen Wang Charles Stuart University. bInternational Journal of Special Education c2015 xSPECIAL EDUCATION uhttp://www.internationaljournalofspecialed.com/issues/IJSE%20ENTIRE%20ISSUE%2030%201.pdf